MARC details
| 000 -LEADER |
| fixed length control field |
02065nam a2200361 a 4500 |
| 001 - CONTROL NUMBER |
| control field |
707 |
| 003 - CONTROL NUMBER IDENTIFIER |
| control field |
MYCC |
| 005 - DATE AND TIME OF LATEST TRANSACTION |
| control field |
20260227101011.0 |
| 008 - FIXED-LENGTH DATA ELEMENTS--GENERAL INFORMATION |
| fixed length control field |
260227s2023 nyu b 001 0 eng d |
| 020 ## - INTERNATIONAL STANDARD BOOK NUMBER |
| International Standard Book Number |
9781260474183 |
| Qualifying information |
paperback |
| 020 ## - INTERNATIONAL STANDARD BOOK NUMBER |
| International Standard Book Number |
9781260474213 |
| Qualifying information |
hardback |
| 040 ## - CATALOGING SOURCE |
| Original cataloging agency |
MYCC |
| Language of cataloging |
eng |
| Transcribing agency |
MYCC |
| Description conventions |
rda |
| 082 04 - DEWEY DECIMAL CLASSIFICATION NUMBER |
| Edition number |
23 |
| Classification number |
153.6 |
| 090 00 - LOCALLY ASSIGNED LC-TYPE CALL NUMBER (OCLC); LOCAL CALL NUMBER (RLIN) |
| Classification number (OCLC) (R) ; Classification number, CALL (RLIN) (NR) |
153.6 |
| Location of book |
GRE |
| 100 1# - MAIN ENTRY--PERSONAL NAME |
| Personal name |
Grenny, Joseph, |
| Relator term |
author. |
| 245 10 - TITLE STATEMENT |
| Title |
Crucial Conversations : |
| Remainder of title |
Tools for Talking When Stakes are High / |
| Statement of responsibility, etc. |
Joseph Grenny, Kerry Patterson, Ron McMillan, Al Switzler, and Emily Gregory. |
| 250 ## - EDITION STATEMENT |
| Edition statement |
Third edition. |
| 264 #1 - PRODUCTION, PUBLICATION, DISTRIBUTION, MANUFACTURE, AND COPYRIGHT NOTICE |
| Place of production, publication, distribution, manufacture |
New York : |
| Name of producer, publisher, distributor, manufacturer |
McGraw Hill, |
| Date of production, publication, distribution, manufacture, or copyright notice |
[2022?] |
| 264 #4 - PRODUCTION, PUBLICATION, DISTRIBUTION, MANUFACTURE, AND COPYRIGHT NOTICE |
| Date of production, publication, distribution, manufacture, or copyright notice |
©2023 |
| 300 ## - PHYSICAL DESCRIPTION |
| Extent |
xii, 279 pages : |
| Other physical details |
illustrations ; |
| Dimensions |
23 cm |
| 336 ## - CONTENT TYPE |
| Source |
rdacontent |
| Content type term |
text |
| 337 ## - MEDIA TYPE |
| Source |
rdamedia |
| Media type term |
unmediated |
| 338 ## - CARRIER TYPE |
| Source |
rdacarrier |
| Carrier type term |
volume |
| 500 ## - GENERAL NOTE |
| General note |
Includes index. |
| 505 0# - FORMATTED CONTENTS NOTE |
| Formatted contents note |
What's a crucial conversation? And who cares? -- Mastering crucial conversations : the power of dialogue -- Part I What to do before you open your mouth -- Choose your topic: how to be sure you hold the right conversation -- Start with heart: How to stay focused on what you really want -- Master my stories: How to stay in dialogue when you're angry, scared or hurt -- Part II How to open your mouth -- Learn to look: How to notice when safety is at risk -- Make it safe: How to make it safe to talk about almost anything -- State my path: How to speak persuasively, not abrasively -- Explore other's paths: How to listen when others blow up or clam up -- Retake your pen: How to be resilient when hearing tough feedback -- Part III How to finish -- Move to action: How to turn crucial conversations into action and results -- Yeah, But: Advice for tough cases -- Putting it all together: Tools for preparing and learning |
| 650 #0 - SUBJECT ADDED ENTRY--TOPICAL TERM |
| Topical term or geographic name entry element |
Interpersonal communication. |
| 650 #0 - SUBJECT ADDED ENTRY--TOPICAL TERM |
| Topical term or geographic name entry element |
Interpersonal relations. |
| 700 1# - ADDED ENTRY--PERSONAL NAME |
| Personal name |
Patterson, Kerry, |
| Relator term |
author. |
| 700 1# - ADDED ENTRY--PERSONAL NAME |
| Personal name |
McMillan, Ron, |
| Dates associated with a name |
1946- |
| Relator term |
author. |
| 700 1# - ADDED ENTRY--PERSONAL NAME |
| Personal name |
Switzler, Al, |
| Relator term |
author. |
| 700 1# - ADDED ENTRY--PERSONAL NAME |
| Personal name |
Gregory, Emily, |
| Dates associated with a name |
1975- |
| Relator term |
author. |
| 942 ## - ADDED ENTRY ELEMENTS (KOHA) |
| Source of classification or shelving scheme |
Dewey Decimal Classification |
| Koha item type |
Books |